Pracovní a osobní asistenti

Právne minimum osobnej asistencie a pracovnej asistencie. Rozdielne formy aktivít. Ilustračné príklady.

Salvato in:
Dettagli Bibliografici
Autore principale: Mintál, Ján
Natura: Capitolo di libro
Lingua:slovacco
Soggetti:
Tags: Aggiungi Tag
Nessun Tag, puoi essere il primo ad aggiungerne!!

MARC

LEADER 00000naa a2200000 4500
001 0258269
005 20190918064853.0
041 0 |a slo 
044 |a SK 
245 1 0 |a Pracovní a osobní asistenti  |c Ján Mintál 
520 |a Právne minimum osobnej asistencie a pracovnej asistencie. Rozdielne formy aktivít. Ilustračné príklady. 
610 2 0 |a asistenti 
610 2 0 |a úpravy právne 
610 2 0 |a Slovensko 
610 2 0 |a osoby fyzické 
610 2 0 |a osoby so zníženou pracovnou schopnosťou 
610 2 0 |a zdaňovanie 
100 1 |a Mintál, Ján